00941nam a22002777a 45000010005000000030006000050050017000110080041000280200017000690400029000860500014001150820019001291000017001482450070001652600038002353000044002735050008003175200066003255210021003915210020004126500042004326500026004749420015005009990015005159520133005305418FISKH20241204134931.0241204b cb ||||| |||| 00| 0 eng d a078073004508 aFISKHbengcFISKHdFISKH aTL553.H35 a629.1308996073 aHaskins, Jim aBlack Eagles :b African-americans In Aviation /cby Jim Haskins  aNew York : bScholastic ;c1995 . a196 pages : billustrations ;c20 cm .  aZ  aGives a history of the role of African-Americans in aviation.8 a1160 bLexile 8 aZ bRaz-Plus  aAfrican American HistoryvNon-fiction aaviationvNon-fiction 2ddccBKn0 c5418d5418 00102ddc40708NFICa001b001cSNSd2024-12-04l0oHAS 629.1308996073 TL553.H35pFIS04616r2024-12-04 13:49:27w2024-12-04yBK